| 000 | 01040nam a22002897a 4500 | ||
|---|---|---|---|
| 005 | 2011112300270.0 | ||
| 008 | 111123t xxu||||| |||| 00| 0 eng d | ||
| 010 | _aENG-104189 | ||
| 020 |
_a9781259002298 _c450.00 |
||
| 020 |
_a1259002292 _c450.00 |
||
| 035 | _aEN-87722 | ||
| 037 | _bDBAD/PUB | ||
| 040 |
_aDPL _bEng |
||
| 082 | 0 | 0 | _a535 |
| 100 | 1 |
_aJenkins, Francis A. _q(Francis Arthur), _d1899-1960. _936134 |
|
| 245 | 1 | 0 |
_aFundamentals of optics / _cby Francis A. Jenkins [and] Harvey E. White |
| 250 | _a4th ed. | ||
| 260 |
_aNew Delhi _bTata McGraw-Hill _c2011 |
||
| 270 |
_a7 West Patel Nagar _bNew Delhi _e110008 |
||
| 300 |
_axx,746p. : _bill. _c25cm (pbk) |
||
| 500 | _aFirst ed. published in 1937 under title: Fundamentals of physical optics. | ||
| 500 | _aIncludes index | ||
| 650 | 0 |
_aOptics. _936135 |
|
| 700 | 1 |
_aWhite, Harvey Elliott _d1902- _936136 |
|
| 942 |
_2ddc _cEN _h535 _mJEN |
||
| 999 |
_c58673 _d58673 |
||